000 00600nam a22001691a 4500
001 10115
003 OSt
005 20260204212146.0
008 070903s2007||||dr ||||||b||||||||||spa||
090 _aPGE-2007-006
100 _aPeña Acevedo, Yanina
245 _aInstalación de una planificación y gestión de centros educativos / Yanina Peña Acevedo, Johanna Trinidad Peguero Sosa. Asesores: Dr. Antonio Rosario Gómez.
264 _aSanto Domingo : El Autor
502 _aTesis (Post - Grado)
650 _aEspecialidad en Planificación y Gestión de Centros Educativos.Ì
942 _2ddc
_cTH
999 _c10115
_d10115